| 000 | 00390nam a2200145Ia 4500 | ||
|---|---|---|---|
| 008 | 100122s9999 xx 000 0 und d | ||
| 082 |
_b18728 _a923.242 |
||
| 100 | _aMACHMILLAN HAROLD | ||
| 245 | _aPOINTING THE WAY 1959-1961 | ||
| 260 |
_bDREAMLAND PUBLICATIONS _c1905 |
||
| 300 | _a504 | ||
| 630 | _aPOINTING THE WAY 1959-1961 | ||
| 730 | _aPOINTING THE WAY 1959-1961 | ||
| 942 | _cBOOK | ||
| 999 |
_c365701 _d365698 |
||